[Event "29th Czech Open A 2018"]
[Site "Pardubice CZE"]
[Date "2018.07.20"]
[Round "1.96"]
[White "Murray, David"]
[Black "Hoefelsauer, Thomas"]
[Result "1-0"]
[BlackTitle "FM"]
[WhiteElo "2112"]
[BlackElo "2361"]
[WhiteFideId "2501511"]
[BlackFideId "24668842"]
[EventDate "2018.07.20"]

1. d4 Nf6 2. c4 c5 3. d5 b5 4. cxb5 a6 5. bxa6 g6 6. Nc3 Bg7 7. e4 O-O 8. a7
Rxa7 9. Nf3 e6 10. Be2 exd5 11. exd5 d6 12. O-O Na6 13. Bb5 Bb7 14. Bf4 Qb6 15.
a4 Nc7 16. Nd2 Nxb5 17. Nxb5 Bxd5 18. Nxa7 Qxa7 19. Bxd6 Rd8 20. Be5 Ba8 21. Qc2
h5 22. Rfd1 Re8 23. Re1 h4 24. h3 Re6 25. Bc3 Qe7 26. Rxe6 Qxe6 27. a5 g5 28.
Qd3 Nd5 29. Bxg7 Kxg7 30. Qe4 Qd7 31. a6 Bc6 32. a7 Nb6 33. Qe5+ f6 34. Qxc5 1-0

[Event "29th Czech Open A 2018"]
[Site "Pardubice CZE"]
[Date "2018.07.20"]
[Round "1.97"]
[White "Cerveny, Martin"]
[Black "Svanda, Ondrej"]
[Result "1/2-1/2"]
[WhiteTitle "IM"]
[WhiteElo "2359"]
[BlackElo "2111"]
[WhiteFideId "321141"]
[BlackFideId "359670"]
[EventDate "2018.07.20"]

1. d4 Nf6 2. Nf3 e6 3. g3 b5 4. Bg2 Bb7 5. O-O c5 6. a4 b4 7. a5 Na6 8. c3 Be7
9. Be3 cxd4 10. Bxd4 O-O 11. Re1 Qc7 12. cxb4 Bxb4 13. Bc3 Ne4 14. Bxb4 Nxb4 15.
Qa4 Qc5 16. e3 Bc6 17. Qd1 Nc2 18. b4 Nxb4 19. Nd4 Nf6 20. Nxc6 Nxc6 21. Qd2
Rac8 22. Rc1 Qe5 23. Ra2 Ne7 24. Rac2 Rxc2 25. Rxc2 Rb8 26. Na3 Qa1+ 27. Qc1
Qxc1+ 28. Rxc1 Ne8 29. a6 Rb6 30. Bb7 Nc6 31. Nc4 Rb4 32. e4 Kf8 33. f4 Ra4 34.
e5 Ke7 35. Nb2 Ra3 36. Nc4 Ra4 37. Nb2 Ra3 38. Nc4 Ra4 1/2-1/2

[Event "29th Czech Open A 2018"]
[Site "Pardubice CZE"]
[Date "2018.07.20"]
[Round "1.98"]
[White "Shpanko, Nadiia"]
[Black "Skliarov, Viktor"]
[Result "0-1"]
[WhiteTitle "WFM"]
[BlackTitle "IM"]
[WhiteElo "2108"]
[BlackElo "2357"]
[WhiteFideId "14132400"]
[BlackFideId "14106736"]
[EventDate "2018.07.20"]

1. e4 c5 2. c3 d6 3. d4 Nf6 4. f3 Nc6 5. Be3 d5 6. e5 Nd7 7. e6 fxe6 8. dxc5 Nf6
9. b4 g6 10. Qd2 Bg7 11. Ne2 O-O 12. Na3 e5 13. Ng3 Be6 14. Bh6 b6 15. b5 Na5
16. Bxg7 Kxg7 17. Qe3 Qc7 18. c6 Qd6 19. Nc2 a6 20. Rd1 axb5 21. Bxb5 d4 22.
cxd4 Nd5 23. Qxe5+ Qxe5+ 24. dxe5 Nc3 25. Nd4 Bxa2 26. Rc1 Nxb5 27. Nxb5 Rfc8
28. Nd4 Bc4 29. Kf2 b5 30. Ne4 Nxc6 31. Nxc6 Ra2+ 32. Ke3 Rxc6 33. Nd2 Re6 34.
Nxc4 bxc4 35. f4 Rxg2 36. Rxc4 Ra6 37. h4 h5 38. Rc7 Kf7 39. Kf3 Rg4 40. Rc4
Ra3+ 41. Ke4 Rgg3 42. Rb1 Rae3+ 43. Kd5 Rd3+ 44. Rd4 Rxd4+ 45. Kxd4 Rg4 46. Ke3
Rxh4 47. Rg1 Rg4 48. Rxg4 hxg4 49. Kd4 Kg7 50. Ke3 Kh6 51. Kf2 Kh5 52. Kg2 Kh4 0-1

[Event "29th Czech Open A 2018"]
[Site "Pardubice CZE"]
[Date "2018.07.20"]
[Round "1.99"]
[White "Meissner, Felix"]
[Black "Kuchar, Matej"]
[Result "1/2-1/2"]
[WhiteTitle "FM"]
[WhiteElo "2354"]
[BlackElo "2108"]
[WhiteFideId "24671827"]
[BlackFideId "358207"]
[EventDate "2018.07.20"]

1. e4 c6 2. d4 d5 3. exd5 cxd5 4. Bd3 Nc6 5. c3 Qc7 6. Na3 a6 7. Nc2 Nf6 8. h3
e5 9. dxe5 Nxe5 10. Nf3 Bd6 11. Nxe5 Bxe5 12. Qf3 O-O 13. O-O Be6 14. Be3 Rfe8
15. Bd4 Bxd4 16. Nxd4 Bd7 17. Rad1 Re7 18. Bc2 Rae8 19. Bb3 Bc6 20. Qd3 Bd7 21.
Qf3 Qc5 22. Nf5 Re5 23. Ne3 Bc6 24. Rd4 b5 25. Rfd1 Rd8 26. Qf4 Rde8 27. Bc2 Bb7
28. a3 Qb6 29. Qg3 Qc6 30. Qh4 Qc7 31. Qf4 Qb6 32. Kh1 Qc6 33. a4 Qc5 34. axb5
axb5 35. Bd3 Bc6 36. Qh4 Bb7 37. Qg3 g6 38. Qf3 Kg7 39. Qg3 Bc8 40. Bc2 Nh5 41.
Qf3 Nf6 42. Rf4 Qd6 43. Bb3 Bb7 44. Rxf6 Qxf6 45. Qxf6+ Kxf6 46. Ng4+ Kg7 47.
Nxe5 Rxe5 48. Rd2 Kf6 49. f4 Re1+ 50. Kh2 Ke6 51. Bd1 b4 52. Bf3 bxc3 53. bxc3
Rc1 54. Rd3 Kd6 55. Kg3 Kc5 56. Kf2 Kc4 57. Re3 Bc8 58. Be2+ 1/2-1/2

[Event "29th Czech Open A 2018"]
[Site "Pardubice CZE"]
[Date "2018.07.20"]
[Round "1.100"]
[White "Blodig, Constantin"]
[Black "Tate, Alan"]
[Result "0-1"]
[BlackTitle "FM"]
[WhiteElo "2107"]
[BlackElo "2352"]
[WhiteFideId "24696790"]
[BlackFideId "2401878"]
[EventDate "2018.07.20"]

1. e4 c5 2. Nc3 Nc6 3. g3 g6 4. Bg2 Bg7 5. d3 d6 6. f4 e6 7. Nf3 Nge7 8. O-O O-O
9. Be3 Nd4 10. e5 Nef5 11. Bf2 Bd7 12. Ne4 Bc6 13. c3 Nxf3+ 14. Bxf3 dxe5 15.
fxe5 Bxe5 16. Bxc5 Re8 17. d4 Bg7 18. Qe2 Bd5 19. Rfd1 b6 20. Ba3 Rc8 21. Nf2 h5
22. Re1 Bxd4 23. Rad1 Bxf3 24. Qxf3 Bxf2+ 25. Qxf2 Qc7 26. Rd2 Rcd8 27. Red1 e5
28. Rxd8 Rxd8 29. Re1 Rd5 30. Qe2 b5 31. Qf2 a5 32. Qe2 b4 33. cxb4 axb4 34.
Bxb4 Qb6+ 35. Qf2 Qxb4 36. a3 Qb3 37. Kg2 Nd4 38. Rc1 Qb7 39. Kg1 e4 40. b4 Nf3+ 0-1

[Event "29th Czech Open A 2018"]
[Site "Pardubice CZE"]
[Date "2018.07.20"]
[Round "1.101"]
[White "Yagupov, Igor"]
[Black "Mitra, Roman C"]
[Result "1-0"]
[WhiteTitle "GM"]
[WhiteElo "2349"]
[BlackElo "2104"]
[WhiteFideId "4113632"]
[BlackFideId "419540"]
[EventDate "2018.07.20"]

1. e4 c5 2. Nf3 g6 3. d4 cxd4 4. Nxd4 Nc6 5. c4 d6 6. Nc3 Nf6 7. Be2 Nxd4 8.
Qxd4 Bg7 9. Be3 O-O 10. Qd2 Be6 11. Rc1 Qa5 12. f3 Rfc8 13. b3 a6 14. Na4 Qxd2+
15. Kxd2 Nd7 16. g4 f5 17. exf5 gxf5 18. h3 Rab8 19. Nc3 Nc5 20. Rhd1 Be5 21. f4
Bxc3+ 22. Kxc3 b5 23. gxf5 Bxf5 24. Kb2 Kf7 25. Rd5 Be4 26. Rd2 b4 27. Re1 a5
28. Bg4 Nd3+ 29. Rxd3 Bxd3 1-0

[Event "29th Czech Open A 2018"]
[Site "Pardubice CZE"]
[Date "2018.07.20"]
[Round "1.102"]
[White "Biastoch, Bennet"]
[Black "Flick, Antoine"]
[Result "1/2-1/2"]
[BlackTitle "FM"]
[WhiteElo "2099"]
[BlackElo "2348"]
[WhiteFideId "12939889"]
[BlackFideId "26025736"]
[EventDate "2018.07.20"]

1. e4 c5 2. Nf3 Nc6 3. d4 cxd4 4. Nxd4 e5 5. Nb5 d6 6. N1c3 a6 7. Na3 b5 8. Nd5
Nge7 9. c4 Nd4 10. Bd3 Nxd5 11. cxd5 g6 12. O-O Bg7 13. Nc2 Nxc2 14. Qxc2 Bd7
15. Qb3 O-O 16. Qb4 Qb8 17. Bg5 f6 18. Be3 f5 19. f3 f4 20. Bf2 Bf6 21. Rfc1 Bd8
22. Qd2 Bb6 23. Rc2 Qa7 24. Bxb6 Qxb6+ 25. Qf2 Qxf2+ 26. Kxf2 Rfc8 27. Rac1
Rxc2+ 28. Rxc2 Ra7 29. b4 Kf7 30. Be2 Ke7 31. a3 Kd8 32. Bd3 g5 33. Be2 Be8 34.
Bd3 Rg7 35. Be2 h5 36. h3 Ra7 37. Bd3 Bd7 38. Be2 Ke7 39. Bd1 Kf7 40. Be2 Kf6
41. Bd1 Ke7 42. Be2 Kd8 43. Bd1 Be8 44. Be2 Ra8 45. Rc3 Bd7 46. Rc2 a5 47. bxa5
Rxa5 48. Rc3 Ra4 49. Rb3 Ra5 50. Rc3 Ra7 51. Rb3 Rb7 52. Rb2 Kc7 53. Rb1 Ra7 54.
Bxb5 Bxb5 55. Rxb5 Rxa3 56. Rb2 1/2-1/2

[Event "29th Czech Open A 2018"]
[Site "Pardubice CZE"]
[Date "2018.07.20"]
[Round "1.103"]
[White "Stoyanov, Tsvetan"]
[Black "Pcola, Jaroslav1"]
[Result "1-0"]
[WhiteTitle "FM"]
[WhiteElo "2348"]
[BlackElo "2098"]
[WhiteFideId "2917173"]
[BlackFideId "14907810"]
[EventDate "2018.07.20"]

1. e4 c5 2. Nf3 Nc6 3. Bb5 g6 4. O-O Bg7 5. Nc3 Nf6 6. Re1 O-O 7. Bxc6 bxc6 8.
d3 Ne8 9. Rb1 Nc7 10. Na4 Ne6 11. b3 d6 12. e5 f6 13. exd6 exd6 14. d4 cxd4 15.
Nxd4 Nxd4 16. Qxd4 d5 17. Bf4 Bf5 18. Qc5 Qc8 19. Re7 Rf7 20. Re2 Qd7 21. Rbe1
Bf8 22. Qd4 Bd6 23. f3 g5 24. Bxd6 Qxd6 25. Nc5 a5 26. c3 Raa7 27. g4 1-0

[Event "29th Czech Open A 2018"]
[Site "Pardubice CZE"]
[Date "2018.07.20"]
[Round "1.104"]
[White "Head, Louise"]
[Black "Krykun, Yuriy"]
[Result "1/2-1/2"]
[WhiteTitle "WFM"]
[BlackTitle "FM"]
[WhiteElo "2097"]
[BlackElo "2345"]
[WhiteFideId "424773"]
[BlackFideId "14140667"]
[EventDate "2018.07.20"]

1. d4 Nf6 2. c4 g6 3. Nc3 d5 4. cxd5 Nxd5 5. Bd2 Bg7 6. e4 Nxc3 7. Bxc3 O-O 8.
Nf3 Bg4 9. Be2 Nc6 10. d5 Bxf3 11. Bxf3 Bxc3+ 12. bxc3 Ne5 13. Be2 c6 14. Qd4
Qc7 15. c4 Qa5+ 16. Qd2 Qa4 17. Qc3 Nd7 18. Bd1 Qa6 19. O-O Rac8 20. Bg4 Rcd8
21. Bxd7 Rxd7 22. Qb3 Rc8 23. Rfd1 Rdc7 24. d6 exd6 25. Rxd6 Qa5 26. Rad1 Qe5
27. f3 Re8 28. Qd3 Kg7 29. Qd4 b6 30. Kf2 Qxd4+ 31. R6xd4 Re5 32. f4 Ra5 33.
R1d2 c5 34. Rd5 Ra3 35. R5d3 Ra4 36. Rc2 Kf8 37. Ke3 Ke7 38. a3 Rd7 39. Rcc3 a6
40. g4 b5 41. cxb5 axb5 42. Rxc5 Rxd3+ 43. Kxd3 Rxa3+ 44. Kd4 b4 1/2-1/2

[Event "29th Czech Open A 2018"]
[Site "Pardubice CZE"]
[Date "2018.07.20"]
[Round "1.105"]
[White "Fataliyeva, Ulviyya"]
[Black "Korchagin, Oleg"]
[Result "1-0"]
[WhiteTitle "WGM"]
[WhiteElo "2344"]
[BlackElo "2097"]
[WhiteFideId "13403052"]
[BlackFideId "4500725"]
[EventDate "2018.07.20"]

1. e4 e5 2. Nf3 Nc6 3. Bb5 a6 4. Ba4 Nf6 5. d3 b5 6. Bb3 Bc5 7. O-O O-O 8. c3 d5
9. exd5 Nxd5 10. Bg5 Be7 11. Bxe7 Ndxe7 12. Re1 Ng6 13. Re3 Bf5 14. d4 exd4 15.
Nxd4 Nxd4 16. cxd4 Qd6 17. Nc3 Rad8 18. Qh5 Qd7 19. Rae1 Bg4 20. Qe5 Qxd4 21.
Qxc7 Qd7 22. Qg3 Qc8 23. Ne4 Be6 24. Nd6 1-0

[Event "29th Czech Open A 2018"]
[Site "Pardubice CZE"]
[Date "2018.07.20"]
[Round "1.106"]
[White "Sinauridze, Simons"]
[Black "Mencinger, Vojko"]
[Result "1-0"]
[BlackTitle "IM"]
[WhiteElo "2088"]
[BlackElo "2342"]
[WhiteFideId "11604468"]
[BlackFideId "14600099"]
[EventDate "2018.07.20"]

1. e4 e5 2. Nf3 Nc6 3. d4 exd4 4. Nxd4 Bc5 5. Be3 Qf6 6. c3 Nge7 7. Be2 b6 8.
O-O Bb7 9. f4 O-O-O 10. Bf3 Qh6 11. Qd2 f5 12. e5 d5 13. b4 Bxd4 14. cxd4 Rd7
15. Na3 Nd8 16. Rac1 Ne6 17. Nb5 Kb8 18. a4 Rg8 19. Na3 g6 20. a5 Qf8 21. Be2 h6
22. axb6 axb6 23. Nb5 Nc8 24. Ra1 c6 25. Nc3 g5 26. Ba6 gxf4 27. Bxf4 Bxa6 28.
Rxa6 Qxb4 29. Rfa1 Rdg7 30. g3 Nxf4 31. Qxf4 Qxc3 32. e6+ Kb7 33. Ra8 Rc7 34. e7
Re8 35. Qxf5 Qxd4+ 36. Kf1 Rcxe7 37. Qxc8+ 1-0

[Event "29th Czech Open A 2018"]
[Site "Pardubice CZE"]
[Date "2018.07.20"]
[Round "1.107"]
[White "Kulkarni, Chinmay"]
[Black "Tarun, V Kanth"]
[Result "1-0"]
[WhiteElo "2336"]
[BlackElo "2086"]
[WhiteFideId "5023513"]
[BlackFideId "25012185"]
[EventDate "2018.07.20"]

1. e4 e6 2. d4 d5 3. Nd2 Nf6 4. e5 Nfd7 5. f4 c5 6. c3 Nc6 7. Ndf3 Qb6 8. a3 Be7
9. g3 O-O 10. Kf2 f6 11. Kg2 Kh8 12. b4 cxd4 13. cxd4 a6 14. Bd3 Qc7 15. Ne2 b5
16. Qc2 f5 17. Ng5 Nb6 18. g4 Nc4 19. gxf5 Bxg5 20. fxg5 exf5 21. Rf1 Be6 22.
Qd1 Qd7 23. Qe1 a5 24. bxa5 Rxa5 25. g6 h6 26. Kh1 b4 27. Rg1 Kg8 28. Qh4 N6xe5
29. dxe5 d4 30. Rg3 Nxe5 31. Bxh6 gxh6 32. g7 Bd5+ 33. Kg1 Rf7 34. Qxh6 Rxg7 35.
Bxf5 Rxg3+ 36. Nxg3 Qe7 37. Rf1 Ra8 38. Nh5 Nf3+ 39. Rxf3 Qe1+ 40. Rf1 Qe3+ 41.
Qxe3 dxe3 1-0

[Event "29th Czech Open A 2018"]
[Site "Pardubice CZE"]
[Date "2018.07.20"]
[Round "1.108"]
[White "Vystrcil, Martin"]
[Black "Mueller, Ralf1"]
[Result "0-1"]
[BlackTitle "FM"]
[WhiteElo "2086"]
[BlackElo "2335"]
[WhiteFideId "364363"]
[BlackFideId "4606612"]
[EventDate "2018.07.20"]

1. e4 Nf6 2. e5 Nd5 3. d4 d6 4. exd6 exd6 5. c4 Nb6 6. Bd3 Nc6 7. Be3 Nb4 8. h3
Qf6 9. Nf3 Bf5 10. Bxf5 Qxf5 11. O-O Nc2 12. Nh4 Nxe3 13. Nxf5 Nxd1 14. Rxd1
Nxc4 15. Rc1 d5 16. Nc3 c6 17. Na4 g6 18. Nh4 Nb6 19. Nc5 O-O-O 20. a4 Nc4 21.
Nd3 Nd2 22. Rc3 Be7 23. Nf3 Nxf3+ 24. gxf3 Bf6 25. Ne5 Bxe5 26. dxe5 d4 27. Rd3
Rd5 28. f4 Kc7 29. Kg2 c5 30. Kf3 Kc6 31. b3 Re8 32. Rg1 f6 33. exf6 Re6 34. Kg3
Rxf6 35. Re1 Rdf5 36. Rf3 g5 37. Re7 gxf4+ 38. Kg2 Rf7 39. Re8 b6 40. Kf1 Kd5
41. Rd8+ Ke4 42. Ke2 Rd5 43. Re8+ Re5 44. Rd8 Ree7 45. Rb8 Rd7 46. Rd3 Rfe7 47.
Rf8 Rd6 48. Rg8 a6 49. Kd2 b5 50. axb5 axb5 51. Rg5 Re5 0-1

[Event "29th Czech Open A 2018"]
[Site "Pardubice CZE"]
[Date "2018.07.20"]
[Round "1.109"]
[White "Swicarz, Maciej"]
[Black "Ilyuchyk, Yana"]
[Result "1-0"]
[WhiteElo "2333"]
[BlackElo "2083"]
[WhiteFideId "1113585"]
[BlackFideId "13508407"]
[EventDate "2018.07.20"]

1. d4 Nf6 2. Bf4 d6 3. Nc3 g6 4. e4 Bg7 5. Qd2 Nc6 6. O-O-O Nh5 7. Be3 e5 8.
Nge2 O-O 9. f3 exd4 10. Nxd4 Nxd4 11. Bxd4 Bxd4 12. Qxd4 Be6 13. g4 Qg5+ 14. Kb1
Nf4 15. Qd2 Qe5 16. Ne2 Nxe2 17. Bxe2 Rae8 18. h4 d5 19. f4 Qxe4 20. Bd3 Qd4 21.
f5 Bd7 22. fxg6 fxg6 23. h5 Bxg4 24. hxg6 Bxd1 25. g7 Qxg7 26. Qxd1 Re5 27. Rxh7
Qxh7 28. Bxh7+ Kxh7 29. b3 Rfe8 30. Qh1+ Kg6 31. Qg1+ Kf6 32. Qxa7 Ke6 33. Qxb7
Kd6 34. a4 d4 35. Qb4+ c5 36. Qb6+ Kd5 37. Qb7+ Kd6 38. a5 R5e7 39. Qb6+ Kd5 40.
Qf6 Re6 41. Qf7 Re7 42. Qg8 Kc6 43. Qb8 Re8 44. Qb6+ Kd5 45. Qb5 Rc6 46. Kb2 Kd6
47. Qb7 Rc7 48. Qf3 Rc6 49. Qf6+ Re6 50. Qd8+ Ke5 51. Ka3 Ke4 52. Qh4+ Kd5 53.
Qf4 Ra6 54. Qf5+ Kd6 55. Ka4 Rc6 56. Kb5 Kc7 57. Qf7+ Kc8 58. Qf8+ Kb7 59. Qf5
Ka7 60. Qd5 Red6 61. Qxc6 1-0

[Event "29th Czech Open A 2018"]
[Site "Pardubice CZE"]
[Date "2018.07.20"]
[Round "1.110"]
[White "Machlik, Endre"]
[Black "Goluch, Piotr"]
[Result "0-1"]
[BlackTitle "FM"]
[WhiteElo "2083"]
[BlackElo "2332"]
[WhiteFideId "1513605"]
[BlackFideId "1137840"]
[EventDate "2018.07.20"]

1. d4 Nf6 2. c4 d6 3. Nc3 e5 4. Nf3 e4 5. Ng5 Qe7 6. Qc2 Nc6 7. d5 Nd4 8. Qb1 e3
9. fxe3 Nf5 10. e4 Nh4 11. Nf3 Ng6 12. Qd3 h6 13. Be3 Nd7 14. O-O-O Nge5 15.
Nxe5 Nxe5 16. Qc2 a6 17. Bd4 g6 18. e3 Bg7 19. Be2 O-O 20. Rhf1 Bd7 21. Nb1 c5
22. dxc6 Bxc6 23. Nc3 b5 24. cxb5 axb5 25. Bxb5 Bxb5 26. Nxb5 Rxa2 27. Kb1 Ra6
28. Bc3 Rb8 29. Rd5 Qd7 30. Qe2 Rab6 31. Na3 Qa4 32. Ka1 Rb3 33. Ra5 Qxe4 34.
Rd1 Rxc3 35. bxc3 Nc6 36. Rb5 Bxc3+ 37. Ka2 Ra8 38. Rxd6 Qa4 39. Rb3 Nb4+ 0-1

[Event "29th Czech Open A 2018"]
[Site "Pardubice CZE"]
[Date "2018.07.20"]
[Round "1.111"]
[White "Chovan, Milan"]
[Black "Milikow, Elie"]
[Result "1-0"]
[WhiteTitle "FM"]
[WhiteElo "2331"]
[BlackElo "2081"]
[WhiteFideId "14933691"]
[BlackFideId "371281868"]
[EventDate "2018.07.20"]

1. d4 Nf6 2. c4 c5 3. d5 b5 4. Nf3 bxc4 5. Nc3 d6 6. e4 g6 7. e5 dxe5 8. Nxe5
Bg7 9. Bxc4 O-O 10. O-O Ne8 11. d6 Bxe5 12. Bd5 Qxd6 13. Bxa8 Bxh2+ 14. Kh1 Nc7
15. Qxd6 Bxd6 16. Bf3 Nd7 17. Be3 Ba6 18. Rfd1 Ne5 19. Be2 Bxe2 20. Nxe2 Nc4 21.
b3 Nxe3 22. fxe3 Ne6 23. Rac1 f5 24. Rc4 Rb8 25. Ra4 Rb4 26. Rxa7 Rh4+ 27. Kg1
Ng5 28. Nc3 Kf8 29. Ra4 Bh2+ 30. Kf1 Rh5 31. Rc4 Ne6 32. Nd5 g5 33. Ke2 Be5 34.
a4 Rh2 35. Rg1 Kf7 36. a5 f4 37. a6 Bb8 38. b4 Rh4 39. Kd1 fxe3 40. Rxh4 e2+ 41.
Kxe2 gxh4 42. b5 Nd4+ 43. Kd3 Nxb5 44. Rb1 c4+ 45. Kd2 c3+ 46. Kc1 Nc7 47. Nxc7
Bxc7 48. a7 1-0

[Event "29th Czech Open A 2018"]
[Site "Pardubice CZE"]
[Date "2018.07.21"]
[Round "2.1"]
[White "Bruedigam, Martin"]
[Black "Van Foreest, Jorden"]
[Result "0-1"]
[WhiteTitle "IM"]
[BlackTitle "GM"]
[WhiteElo "2387"]
[BlackElo "2640"]
[WhiteFideId "24608033"]
[BlackFideId "1039784"]
[EventDate "2018.07.20"]

1. e4 c5 2. Nf3 e6 3. g3 Nc6 4. Bg2 Nf6 5. Qe2 e5 6. O-O Be7 7. d3 d6 8. Bg5 Be6
9. Nc3 O-O 10. h3 Rb8 11. Rae1 b5 12. Nd2 b4 13. Bxf6 bxc3 14. Bxe7 Nxe7 15.
bxc3 Qa5 16. c4 Rb2 17. Nb3 Qxa2 18. Qd1 Rxc2 19. Nc1 Qb2 20. Re2 Rxe2 21. Nxe2
a5 22. Re1 Nc6 23. Kf1 Nb4 24. Nc1 Bd7 25. Re2 Qb1 0-1

[Event "29th Czech Open A 2018"]
[Site "Pardubice CZE"]
[Date "2018.07.21"]
[Round "2.2"]
[White "Paravyan, David"]
[Black "Pulpan, Jakub"]
[Result "1/2-1/2"]
[WhiteTitle "GM"]
[BlackTitle "IM"]
[WhiteElo "2638"]
[BlackElo "2386"]
[WhiteFideId "4194985"]
[BlackFideId "302759"]
[EventDate "2018.07.20"]

1. e4 e5 2. Nf3 Nc6 3. Bb5 Nf6 4. O-O Nxe4 5. d4 Nd6 6. Bxc6 dxc6 7. dxe5 Nf5 8.
Qxd8+ Kxd8 9. h3 h5 10. Nc3 Ke8 11. Ne2 Be6 12. Nf4 Bd5 13. Nxd5 cxd5 14. Bg5
Be7 15. Rad1 c6 16. Rd3 f6 17. exf6 gxf6 18. Nh4 Nxh4 19. Bxh4 Kf7 20. Rfd1 Rad8
21. Kf1 Rhe8 22. Rf3 Rd6 23. Rb3 b6 24. Ra3 a5 25. Re3 Bf8 26. Rxe8 Kxe8 27. a4
Kf7 28. f3 f5 29. Bf2 c5 30. Bg3 Rg6 31. Bc7 d4 32. Rd3 Rc6 33. Be5 Re6 34. Bc7
Rc6 35. Bf4 Bd6 36. Bd2 Ke6 37. b3 f4 38. c4 h4 39. Be1 Be7 40. Rd2 Kf5 41. Re2 1/2-1/2

[Event "29th Czech Open A 2018"]
[Site "Pardubice CZE"]
[Date "2018.07.21"]
[Round "2.3"]
[White "Rakesh, Kumar Jena"]
[Black "Movsesian, Sergei"]
[Result "0-1"]
[WhiteTitle "IM"]
[BlackTitle "GM"]
[WhiteElo "2385"]
[BlackElo "2635"]
[WhiteFideId "5084822"]
[BlackFideId "310204"]
[EventDate "2018.07.20"]

1. e4 c5 2. Nf3 e6 3. g3 Nc6 4. Bg2 Nf6 5. Nc3 d6 6. d4 cxd4 7. Nxd4 Bd7 8. O-O
a6 9. a4 Be7 10. Nb3 b6 11. Be3 Qc7 12. f4 O-O 13. Qe2 Bc8 14. g4 Nd7 15. g5 Re8
16. Rad1 Bf8 17. Rf3 g6 18. Rh3 Bb7 19. Qf2 Bg7 20. f5 Nce5 21. f6 Bf8 22. Nd4
h6 23. Qh4 Rad8 24. Rf1 Nc4 25. Bc1 Qc5 26. Ne2 d5 27. b3 Nd6 28. Rc3 Qa5 29.
gxh6 dxe4 30. h7+ Kh8 31. Rc7 b5 32. Rxd7 Rxd7 33. Bh6 Qb4 34. c3 Qc5 35. Bxf8
Rxf8 36. Qh6 Ne8 37. b4 Qd6 38. axb5 e5 39. Nb3 Nxf6 40. Nc5 Nxh7 41. Ng3 Kg8
42. Bh3 Qd2 43. Qxd2 Rxd2 44. Nxb7 Ng5 45. Bg2 axb5 46. Nc5 f5 47. h4 Nf3+ 48.
Bxf3 exf3 49. Rxf3 e4 50. Nf1 Rd1 51. Rg3 Kf7 52. Kf2 Ra8 53. Re3 Raa1 54. Ng3
f4 55. Rxe4 fxg3+ 56. Kxg3 Rg1+ 57. Kh2 Rge1 58. Rf4+ Kg7 59. Rd4 Re3 0-1

[Event "29th Czech Open A 2018"]
[Site "Pardubice CZE"]
[Date "2018.07.21"]
[Round "2.4"]
[White "Bernadskiy, Vitaliy"]
[Black "Vokac, Marek"]
[Result "1-0"]
[WhiteTitle "GM"]
[BlackTitle "GM"]
[WhiteElo "2586"]
[BlackElo "2384"]
[WhiteFideId "14100371"]
[BlackFideId "300101"]
[EventDate "2018.07.20"]

1. e4 e5 2. Nf3 Nc6 3. Bb5 a6 4. Ba4 d6 5. d4 exd4 6. Nxd4 Bd7 7. Nxc6 Bxc6 8.
Bxc6+ bxc6 9. O-O Nf6 10. Qf3 Nd7 11. Qc3 c5 12. Re1 Qh4 13. Nd2 Ne5 14. Nf3 Qh5
15. Nxe5 Qxe5 16. Qb3 Be7 17. Qa4+ Kf8 18. Qc6 Ra7 19. Bd2 Qe6 20. Bc3 h5 21.
Rad1 Rh6 22. e5 dxe5 23. Qxe6 Rxe6 24. Rxe5 Rxe5 25. Bxe5 f6 26. Bc3 Kf7 27. g3
g6 28. Kg2 Bd6 29. Re1 f5 30. f4 Ra8 31. Kf3 Re8 32. Rd1 Re4 33. Be1 Ke6 34. Bf2
Be7 35. Be3 Bf6 36. c3 Be7 37. h3 Ra4 38. a3 Rc4 39. g4 hxg4+ 40. hxg4 fxg4+ 41.
Kxg4 g5 42. Bd2 gxf4 43. Re1+ Kd5 44. Rxe7 Re4 45. Rxc7 Re2 46. Kf3 Rh2 47. b4 1-0

[Event "29th Czech Open A 2018"]
[Site "Pardubice CZE"]
[Date "2018.07.21"]
[Round "2.5"]
[White "Khaetsky, Roman"]
[Black "Stocek, Jiri"]
[Result "1/2-1/2"]
[WhiteTitle "IM"]
[BlackTitle "GM"]
[WhiteElo "2381"]
[BlackElo "2586"]
[WhiteFideId "14106221"]
[BlackFideId "304760"]
[EventDate "2018.07.20"]

1. e4 e6 2. d4 d5 3. Nc3 Bb4 4. e5 c5 5. a3 Ba5 6. b4 cxd4 7. Nb5 Bc7 8. f4 Bd7
9. Nf3 Bxb5 10. Bxb5+ Nc6 11. Nxd4 Ne7 12. O-O Bb6 13. Kh1 Bxd4 14. Qxd4 a6 15.
Bxc6+ Nxc6 16. Qd3 Ne7 17. Be3 O-O 18. Bc5 Re8 19. Rad1 Qc7 20. Rf3 h5 21. Bd6
Qc6 22. Bxe7 Rxe7 23. f5 exf5 24. Rxf5 Rae8 25. Rdf1 Qc4 26. Qd2 d4 27. h3 Rd7
28. Qf4 b5 29. Rxh5 d3 30. cxd3 Qxf4 31. Rxf4 Rxd3 32. Rfh4 Kf8 33. Rh8+ Ke7 34.
R8h7 Rg3 35. Kh2 Rg5 36. Rd4 Rc8 37. h4 Rg6 38. Rd3 Rc2 39. Rg3 Rxg3 40. Kxg3 g6
41. h5 gxh5 42. Rxh5 Rc3+ 43. Kf4 Rxa3 44. Rh6 Ra4 45. Kf5 Rxb4 46. Rxa6 Rb2 47.
Ra7+ Kf8 48. Rb7 b4 49. e6 Rf2+ 50. Ke4 fxe6 51. Rxb4 Rxg2 1/2-1/2

[Event "29th Czech Open A 2018"]
[Site "Pardubice CZE"]
[Date "2018.07.21"]
[Round "2.6"]
[White "Sengupta, Deep"]
[Black "Reuker, Jari"]
[Result "1-0"]
[WhiteTitle "GM"]
[WhiteElo "2565"]
[BlackElo "2377"]
[WhiteFideId "5008352"]
[BlackFideId "12909300"]
[EventDate "2018.07.20"]

1. d4 Nf6 2. c4 e6 3. Nc3 Bb4 4. e3 O-O 5. Bd2 d5 6. Nf3 c5 7. a3 Bxc3 8. Bxc3
Ne4 9. Rc1 Nxc3 10. Rxc3 cxd4 11. Nxd4 e5 12. Nb3 dxc4 13. Bxc4 Qxd1+ 14. Kxd1
Nd7 15. Na5 Nf6 16. Ke2 b6 17. Nc6 Re8 18. Rhc1 Bb7 19. Bb5 Ne4 20. R3c2 a6 21.
Ba4 Nc5 22. Na5 Nxa4 23. Nxb7 Rab8 24. Nd6 Red8 25. Ne4 f5 26. Ng5 Nc5 27. b4
Nd3 28. Rd1 e4 29. f3 Rd6 30. fxe4 Rbd8 31. Rcd2 Nc1+ 32. Ke1 Nd3+ 33. Kf1 h6
34. e5 Rd5 35. Nf3 g5 36. e6 g4 37. e7 Re8 38. Nh4 1-0

[Event "29th Czech Open A 2018"]
[Site "Pardubice CZE"]
[Date "2018.07.21"]
[Round "2.7"]
[White "Yelisieiev, Yevhenii"]
[Black "Vorobiov, Evgeny E."]
[Result "0-1"]
[WhiteTitle "FM"]
[BlackTitle "GM"]
[WhiteElo "2379"]
[BlackElo "2564"]
[WhiteFideId "14139642"]
[BlackFideId "4121341"]
[EventDate "2018.07.20"]

1. d4 Nf6 2. Nf3 e6 3. c4 Bb4+ 4. Nbd2 O-O 5. a3 Be7 6. e4 d6 7. Bd3 Nbd7 8. b4
e5 9. Bb2 exd4 10. Nxd4 Re8 11. O-O Bf8 12. f4 a5 13. N4f3 c6 14. Qc2 axb4 15.
axb4 Rxa1 16. Rxa1 Nh5 17. g3 Qb6+ 18. Bd4 c5 19. bxc5 Nxc5 20. e5 g6 21. Ne4
dxe5 22. Nxe5 Bf5 23. Rb1 Qc7 24. Nxc5 Bxc5 25. Bxc5 Qxc5+ 26. Kg2 Ng7 27. Rb5
Qc7 28. Qb3 Re7 29. Bxf5 Nxf5 30. Qd3 f6 31. Ng4 Kg7 32. Rd5 Qc6 33. Kh3 h5 34.
Nf2 Ne3 35. Qd4 Qe6+ 36. Kh4 Ng2# 0-1